Nuove piraterie e ordinamenti giuridici interni e internazionali

Bibliographic Details
Main Author: Uricchio, Antonio
Format: Unknown
Language:Italian
Published: Bari : Cacucci Editore, 2011
Subjects:
Online Access:http://www.vlex.com/source/11229

MARC

LEADER 00000 a2200000 4500
005 20130430192005.0
007 cr|||| ||||
008 130430e2011 it |||||s|||||||||| ita d
035 |a 11229 
040 |a vLex 
090 |c 4239  |d 4239 
100 1 0 |a Uricchio, Antonio 
245 1 0 |a Nuove piraterie e ordinamenti giuridici interni e internazionali  |c / Antonio Uricchio   |h [Recurso electrn̤ico]  
256 |a Servicio en ln̕ea 
260 |a Bari :  |b Cacucci Editore,   |c 2011 
300 |a 1 Recurso electrn̤ico 
506 |d vLex Global  |d vLex Global (Academic Edition, excluding Law Schools)  |d vLex Global (U.S. Academic Edition, Law Schools)  |d vLex Global (U.S. Academic Edition, excluding Law Schools)  |d vLex Global (Academic Edition, Law Schools) 
650 0 4 |a Derecho internacional 
650 0 4 |a Transporte mart̕imo  |z Italia 
740 |a vLex Libros (Servicio en ln̕ea) 
856 |a Acceso restringido  |u http://www.vlex.com/source/11229 
942 |c BOOK 
999 0 |a International law